Statistiques concernant Les jeux Super Mario

Cliquez ici pour prendre le quiz!

Statistiques générales

  • Ce quiz a été pris 116 fois
  • Le résultat moyen est 14 sur 20

Statistiques - réponses

AnnéeConsoleJeu% Correct
1985NESSuper Mario Bros.
97%
1996Nintendo 64Super Mario 64
91%
1988NESSuper Mario Bros. 2
88%
2007WiiSuper Mario Galaxy
88%
2010WiiSuper Mario Galaxy 2
84%
1990NESSuper Mario Bros. 3
83%
2002GameCubeSuper Mario Sunshine
79%
2006Nintendo DSNew Super Mario Bros.
77%
1991Super NintendoSuper Mario World
71%
2011Nintendo 3DSSuper Mario 3D Land
69%
2013Wii USuper Mario 3D World
68%
1989GameBoySuper Mario Land
68%
2016iOSSuper Mario Run
68%
2009WiiNew Super Mario Bros. Wii
66%
2012Nintendo 3DSNew Super Mario Bros. 2
64%
2012Wii UNew Super Mario Bros. U
63%
1992GameBoySuper Mario Land 2 : 6 Golden Coins
56%
2004Nintendo DSSuper Mario 64 DS
51%
1986NESSuper Mario Bros.: The Lost Levels
43%
2015Wii USuper Mario Maker
43%

Distribution des résultats

Percentile par nombre de réponses

% des personnes avec chaque résultat

Votre développement - résultats

Vous n’avez pas pris ce quiz